000
00306nam a2200133Ia 4500
008
191201s1994 xx 000 0 und d
082
_a
530
_b
PIS
100
_a
PILLAI,S.O
245
0
_a
Solid State Physics
260
_a
N. Delhi
_b
WILEY EASTERN
_c
1994
300
_a
388
650
_a
Applied
942
_2
ddc
_c
BK
999
_c
643
_d
643